banner-ar

I CAN HAVE A PARTY: SIMPLE - TO - MAKE PARTY IDEAS FOR YOUNG CHILDREN / (Record no. 14776)

MARC details
000 -الفاتح
حقل البيانات ثابتة الطول 00536nam a2200193Ia 4500
008 - عناصر البيانات ثابتة الطول - معلومات عامة
حقل البيانات ثابتة الطول 140319s9999 xx 000 0 eng d
040 ## - مصدر الفهرسة
وكالة الفهرسة الأصلية GCL /
وكالة النسخ GCL
082 04 - رقم تصنيف ديوى العشرى
رقم التصنيف CH
رقم المادة 745.59
-- S I
100 1# - المدخل الرئيسى - إسم شخصى
الإسم الشخصى SMITH, THOMAS F
245 10 - بيان العنوان
العنوان I CAN HAVE A PARTY: SIMPLE - TO - MAKE PARTY IDEAS FOR YOUNG CHILDREN /
بيان المسئوليه,etc SMITH, THOMAS F
700 1# - المدخل الاضافى - اسم شخصى
الإسم الشخصى SMITH, THOMASINA
650 04 - المدخل الاضافى بالموضوع-مصطلح موضوعى
مصطلح موضوعي HANDICRAFTS
650 04 - المدخل الاضافى بالموضوع-مصطلح موضوعى
مصطلح موضوعي CHILDREN
650 04 - المدخل الاضافى بالموضوع-مصطلح موضوعى
مصطلح موضوعي DECORATIVE ARTS
650 04 - المدخل الاضافى بالموضوع-مصطلح موضوعى
مصطلح موضوعي CHILDREN - BOOKS
942 ## - عناصر المدخل الإضافي( كوها)
مصدر التصنيف او مخطط الترفيف Dewey Decimal Classification
Koha [default] item type كتاب
260 ## - PUBLICATION, DISTRIBUTION, ETC. (IMPRINT)
-- [S.N] :
-- LORENZ BOOKS
Holdings
حالة التراجع حالة الفقد حالة تلف ليس للاعارة المكان المؤقت الموقع الحالى تاريخ الاكتساب اجمالي اﻻعارات رقم الطلب الباركود تاريخ اخر مشاهدة تاريخ تفعيل السعر نوع وعاء كوها
        مكتبة القاهرة الكبرى مكتبة القاهرة الكبرى 03/26/2014   CH\745.59\S I 27659 03/26/2014 03/26/2014 كتاب

Powered By

EGPV